| 000 | 00360 a2200169 4500 | ||
|---|---|---|---|
| 001 | 182790 | ||
| 020 | _a85-0101835-X | ||
| 040 | _cMagnum | ||
| 100 | _aCosta, Marco Tulio | ||
| 240 | 1 | 0 |
_aO mágico desiventor _lpor |
| 245 | 1 | 0 | _aO mágico desiventor |
| 300 | _a191 | ||
| 362 | 0 | _a2001 | |
| 440 | 1 | _aRecord | |
| 697 | _aLITERATURA JUVENIL | ||
| 942 | _cBK | ||
| 999 |
_c182790 _d182790 |
||